| 000 | 00679nam a22002057a 4500 | ||
|---|---|---|---|
| 005 | 20100811155024.0 | ||
| 010 | _aENG-99555 | ||
| 020 |
_a978818941254X _c400.00 |
||
| 035 | _aEN-83087 | ||
| 037 | _bDBAD/PUB | ||
| 082 | _a921 | ||
| 100 |
_aC. P. Sharma _911303 |
||
| 245 |
_aBhagat Singh / _cby C. P. Sharma |
||
| 260 |
_aDelhi _bAvishkar Prakashan _c2010 |
||
| 270 |
_aL-20/13, street No.5, Shivaji Marg, Kartar Nagar _bDelhi _e110053 |
||
| 300 |
_a208p. _c22cm (Hb) |
||
| 490 |
_aThe Builder of Modern India _911304 |
||
| 942 |
_2ddc _cEN _h921 _mSHA |
||
| 999 |
_c41152 _d41152 |
||